000 00269nam a2200121Ia 4500
008 190216s9999||||xx |||||||||||||| ||und||
100 _aArthur Lewis
245 0 _aTheory Of Economic Growth
260 _bNull
_c1977
300 _a453p
650 _aCommerce
942 _cBK
999 _c3924
_d3924